Catálogo

Curso de derecho internacional público y organizaciones internacionales / (Registro nro. 66798)

Detalles MARC
000 -LEADER
fixed length control field 01123cam a2200313 i 4500
001 - CONTROL NUMBER
control field 66798
003 - CONTROL NUMBER IDENTIFIER
control field Mx-PuUPA
005 - DATE AND TIME OF LATEST TRANSACTION
control field 20250607110717.0
008 - FIXED-LENGTH DATA ELEMENTS--GENERAL INFORMATION
fixed length control field 170307s2024 sp gr 000 0 spa d
017 ## - COPYRIGHT OR LEGAL DEPOSIT NUMBER
Copyright or legal deposit number M-16035-2024
020 ## - INTERNATIONAL STANDARD BOOK NUMBER
International Standard Book Number 9788430990467
040 ## - CATALOGING SOURCE
Transcribing agency Mx-PuUPA
041 0# - LANGUAGE CODE
Language code of text/sound track or separate title spa
082 04 - DEWEY DECIMAL CLASSIFICATION NUMBER
Classification number 341
Item number P27
Edition number 23
100 1# - MAIN ENTRY--PERSONAL NAME
Personal name Pastor Ridruejo, José Antonio,
Relator term autor
9 (RLIN) 17079
245 10 - TITLE STATEMENT
Title Curso de derecho internacional público y organizaciones internacionales /
Statement of responsibility, etc. José Antonio Pastor Ridruejo
250 ## - EDITION STATEMENT
Edition statement Vigésima Octava edición
264 #1 - PRODUCTION, PUBLICATION, DISTRIBUTION, MANUFACTURE, AND COPYRIGHT NOTICE
Place of production, publication, distribution, manufacture Madrid :
Name of producer, publisher, distributor, manufacturer Editorial Tecnos,
Date of production, publication, distribution, manufacture, or copyright notice 2024
300 ## - PHYSICAL DESCRIPTION
Extent 895 páginas ;
Dimensions 24 cm
336 ## - CONTENT TYPE
Content type term texto
Source rdacontent
337 ## - MEDIA TYPE
Media type term sin medio
Source rdamedia
338 ## - CARRIER TYPE
Carrier type term volumen
Source rdacarrier
650 #7 - SUBJECT ADDED ENTRY--TOPICAL TERM
Source of heading or term armarc
Topical term or geographic name entry element Derecho internacional
650 #7 - SUBJECT ADDED ENTRY--TOPICAL TERM
Source of heading or term armarc
Topical term or geographic name entry element Derecho internacional público
Form subdivision Tratados, manuales, etc.,
650 #7 - SUBJECT ADDED ENTRY--TOPICAL TERM
Source of heading or term armarc
Topical term or geographic name entry element Organismos internacionales
Form subdivision Tratados, manuales, etc.,
942 ## - ADDED ENTRY ELEMENTS (KOHA)
Source of classification or shelving scheme Dewey Decimal Classification
Koha item type Libro
Classification part 341
Item part P27
998 ## - LOCAL CONTROL INFORMATION (RLIN)
Cataloger's initials, CIN (RLIN) avdi
Existencias
Withdrawn status Lost status Source of classification or shelving scheme Damaged status Not for loan Collection code Home library Current library Shelving location Date acquired Source of acquisition Cost, normal purchase price Inventory number Total Checkouts Full call number Barcode Date last seen Cost, replacement price Price effective from Koha item type Copy number
    Dewey Decimal Classification     General Biblioteca Karol Wojtyla Biblioteca Karol Wojtyla Sala general 15/05/2025 25 2214.00 151000000000000000081951   341 P27 2024 105990 05/01/2026 2214.00 15/05/2025 Reserva permanente  
    Dewey Decimal Classification     General Biblioteca Karol Wojtyla Biblioteca Karol Wojtyla Sala general 15/05/2025 25 2214.00 151000000000000000081952   341 P27 2024 105991 05/01/2026 2214.00 15/05/2025 Reserva permanente Ej.2